Birds by Biggest Wingspan - Statistics

General Stats
  • This quiz has been taken 42 times
  • The average score is 6 of 10
Answer Stats
Answer Wingspan % Correct
Golden Eagle 8 ft 2 in
92%
Wandering Albatross 12 ft
82%
California Condor 9 ft 1 in
79%
Andean Condor 11 ft
74%
Bearded Vulture 9 ft 8 in
72%
Griffon Vulture 9 ft 2 in
67%
Great White Pelican 11 ft 8 in
38%
Grey Crowned Crane 8 ft 2 in
31%
Whooper Swan 9 ft 8 in
31%
Marabou Stork 11 ft
28%
No matching quizzes found
Score Distribution
Percent of People with Each Score
Percentile by Number Answered
Your Score History
You have not taken this quiz